Normal view
MARC view
- حضارة اسلامية، الاسلام- تاريخ - ادارة مالية تربية اسلامية- شورى
Entry Topical Term
001 - CONTROL NUMBER
- control field: 45249
003 - CONTROL NUMBER IDENTIFIER
- control field: JO-AjAnu
005 - DATE AND TIME OF LATEST TRANSACTION
- control field: 20230606081503.0
008 - FIXED-LENGTH DATA ELEMENTS
- fixed length control field: 230606|| aca||aabn | a|a d
040 ## - CATALOGING SOURCE
- Original cataloging agency: JO-AjAnu
- Transcribing agency: JO-AjAnu
150 ## - HEADING--TOPICAL TERM
- Topical term or geographic name entry element: حضارة اسلامية، الاسلام- تاريخ - ادارة مالية تربية اسلامية- شورى
670 ## - SOURCE DATA FOUND
- Source citation: Work cat.: (JO-AjAnu)23167: المجمع الملكي لبحوث الحضارة الاسلامية (ماب), author 45248, الحضارة الاسلامية: بحوث ودراسات في الشورى، التربية، الادارة المالية، الجزء الخامس